| 000 | 00634nam a22002057a 4500 | ||
|---|---|---|---|
| 003 | OSt | ||
| 005 | 20251007045347.0 | ||
| 008 | 251007b |||||||| |||| 00| 0 eng d | ||
| 020 | _a971-0388-65-3. | ||
| 040 |
_aDWCL-Main lib _cOC |
||
| 082 | _2Fil. 305.231 An616c 2009 | ||
| 100 | _aAnoonat, Rosa Dematera | ||
| 245 | _aChild and adolescent development | ||
| 260 |
_aMandaluyong City : _bBooks Atbp. Pub. Co., _cc2009. |
||
| 300 |
_aviii, 267 paging : _billustration ; _c25 cm. |
||
| 504 | _aIncludes bibliographical references. | ||
| 650 | _21. Child development. | ||
| 650 | _22. Child-Growth. | ||
| 942 |
_2ddc _cBK - FIL _kFil. _n0 |
||
| 999 |
_c4685 _d4685 |
||